Přehled matematické analýzy 1
Salvato in:
| Autore principale: | |
|---|---|
| Natura: | Libro |
| Lingua: | ceco |
| Pubblicazione: |
Praha :
SNTL,
1968
|
| Edizione: | 1. vyd. |
| Tags: |
Nessun Tag, puoi essere il primo ad aggiungerne!!
|
MARC
| LEADER | 00000nam a22000003a 4500 | ||
|---|---|---|---|
| 001 | stu51213 | ||
| 005 | 20150617225706.1 | ||
| 008 | 991206s1968----cs------------------cze-d | ||
| 040 | |a STU |b slo | ||
| 041 | 0 | |a cze | |
| 044 | |a cs | ||
| 080 | |a 517 |7 stu_us_auth*stu8334 | ||
| 100 | 1 | |a Danilov, V.L |4 aut | |
| 245 | 1 | |a Přehled matematické analýzy 1 | |
| 250 | |a 1. vyd. | ||
| 260 | |a Praha : |b SNTL, |c 1968 | ||
| 300 | |a 413 s | ||
| 996 | |b 284EK01703 |c E*20697 |l EE01 |s A |a 24 |w stu51213_0001 | ||